| 000 | 00981nam a22003017a 4500 | ||
|---|---|---|---|
| 001 | 6477 | ||
| 003 | FISKH | ||
| 005 | 20250506105548.0 | ||
| 008 | 250506b cb ||||| |||| 00| 0 eng d | ||
| 020 | _a9780062198389 | ||
| 040 |
_aFISKH _beng _cFISKH _dFISKH |
||
| 050 | _aPZ7.G9846 M | ||
| 082 | _a813.54 | ||
| 100 |
_aGutman, Dan _d(1955-) |
||
| 245 |
_aMy weirder school : _bMs Sue has no clue! / _cDan Gutman ; Pictures by Jim Paillot |
||
| 250 | _aThis edition first published in 2013 | ||
| 260 |
_aNew York : _bScholastic, _c2013 |
||
| 300 |
_a106 pages : _billustrations ; _c20 cm |
||
| 505 | _aP | ||
| 520 | _a"Alexia's mom, Ms. Sue, leads the kids of Ella Mentry School in the weirdest fundraiser in the history of the world!"-- | ||
| 521 | 8 |
_a640
_bLexile |
|
| 521 | 8 |
_aP
_bRaz-Plus |
|
| 650 |
_2Humor _aHumorous fiction |
||
| 650 |
_2Elementary school _aMy Weird School |
||
| 700 |
_aPaillot, Jim _dillustrator |
||
| 942 |
_2ddc _cBK _n0 |
||
| 999 |
_c6477 _d6477 |
||